000 00201nam a22000857a 4500
008 161202b xxu||||| |||| 00| 0 eng d
100 _91715
_aFreedman.R.
245 _aOut of Darkness
260 _aLondon
_c1998
999 _c4428
_d4428